Manual of tropical and subtropical fruits : excluding the banana, coconut, pineaple, citrus fruits, olive and fig /

محفوظ في:

المؤلف الرئيسي: Popenoe, Wilson.

التنسيق: كتاب

اللغة: English

منشور في: New York : The Macmillan Company, 1932.

الموضوعات:

الوسوم: إضافة وسم

لا توجد وسوم, كن أول من يضع وسما على هذه التسجيلة!

رقم الطلب: SB359 .P55 1932

LEADER 00666cam a2200193Mi 4500
001 on1391933426
003 OCoLC
005 20240212135127.0
008 041228s1932 nyu 000 0 eng d
050 4 |a SB359  |b .P55 1932 
100 1 |a Popenoe, Wilson. 
245 1 0 |a Manual of tropical and subtropical fruits  |b : excluding the banana, coconut, pineaple, citrus fruits, olive and fig /  |c by Wilson Popenoe. 
264 1 |a New York :  |b The Macmillan Company,  |c 1932. 
300 |a XV, 474 pages :  |b illustrations ;  |c 22 cm. 
336 |a text  |b txt  |2 rdacontent 
337 |a unmediated  |b n  |2 rdamedia 
338 |a volume  |b nc  |2 rdacarrier 
650 0 |a Frutas Tropicales. 
999 |c 56740  |d 56740